Útvonalkeresés Magyarország városai között WWW felületen

Elmentve itt :
Bibliográfiai részletek
Szerző: Szollár Zoltán
További közreműködők: Bohus Mihály (Témavezető)
Szemenyi Gyula (Témavezető)
Dokumentumtípus: Szakdolgozat
Megjelent: 1997
Tárgyszavak:
Online Access:http://diploma.bibl.u-szeged.hu/1588
LEADER 00776nta a2200193 i 4500
001 dipl1588
005 20130314070603.0
008 110509s1997 hu om 0|| hun d
040 |a SZTE Diploma Repozitórium  |b hun 
041 |a hun 
100 1 |a Szollár Zoltán 
245 1 0 |a Útvonalkeresés Magyarország városai között WWW felületen  |h [elektronikus dokumentum] /  |c Zoltán Szollár 
260 |c 1997 
650 4 |a Informatika 
650 4 |a Computer and information sciences 
700 0 1 |a Bohus Mihály  |e ths 
700 0 1 |a Szemenyi Gyula  |e ths 
856 4 0 |u https://diploma.bibl.u-szeged.hu/id/eprint/1588/1/1997_szollar_zoltan_1997_89.pdf  |z Dokumentum-elérés  
856 4 0 |u https://diploma.bibl.u-szeged.hu/id/eprint/1588/2/1997_szollar_zoltan_1997_89_biralati.pdf  |z Dokumentum-elérés